000 00341nam a2200133Ia 4500
008 240624s9999 xx 000 0 und d
041 _aeng
082 _a004.3 SIE
100 _aSIEGEL JOEL
245 _aMANAGERS HANDBOOK OF CLIENT SERVER COMPU
260 _c2003
_aSingapore
_bThomson Asia
300 _axvii, : 366 : cm. ; 22
365 _cRS
999 _c2047
_d2047